00548nam a2200169Ia 450000500170000000800410001702000150005808200130007310000170008624500530010326000490015630000130020550000420021894200060026095200970026699900150036320250519011221.0240331s9999 xx 000 0 und d a9559569805 bGALa294 aGalmangoda,S 0aAdi baudha darshanaya :bmuula dharma vigrahaya aKadawathabAbaya Printers & Publishersc1994 a239 p ., aA book of Ancient Buddhist Philosophy cL 001040708LaWERCLbWERCLcSSCd2024-03-31l0o 294.3 GALp5748r2024-03-31w2024-03-31yL c5190d5190